| Tag |
First Indicator |
Second Indicator |
Subfields |
| LEADER |
00000cam a2200000 a 4500 |
| 001 |
in00001406774 |
| 005 |
20151020072925.0 |
| 008 |
920116s1994 nyua j b 001 0 eng |
| 010 |
|
|
|a 92001180
|
| 020 |
|
|
|a 0670844780 :
|c $18.99
|
| 035 |
|
|
|a (OCoLC)25316251
|
| 035 |
|
|
|9 AHQ3730AM
|
| 040 |
|
|
|a DLC
|c DLC
|d UtOrBLW
|
| 049 |
|
|
|a TXAG
|
| 050 |
0 |
0 |
|a N7440
|b .D37 1994
|
| 082 |
0 |
0 |
|a 701/.1
|2 20
|
| 100 |
1 |
|
|a Davidson, Rosemary.
|
| 245 |
1 |
0 |
|a Take a look :
|b an introduction to the experience of art /
|c Rosemary Davidson.
|
| 264 |
|
1 |
|a New York, N.Y., U.S.A. :
|b Viking,
|c 1994.
|
| 300 |
|
|
|a 128 pages :
|b illustrations (some color) ;
|c 29 cm.
|
| 336 |
|
|
|a text
|b txt
|2 rdacontent
|
| 337 |
|
|
|a unmediated
|b n
|2 rdamedia
|
| 338 |
|
|
|a volume
|b nc
|2 rdacarrier
|
| 504 |
|
|
|a Includes bibliographical references (page 126) and index.
|
| 520 |
|
|
|a Introduces the history, techniques, and functions of art through discussion and reproductions of paintings, photographs, drawings, and design elements. Includes activities and experiments.
|
| 650 |
|
0 |
|a Art
|v Juvenile literature.
|
| 650 |
|
0 |
|a Art
|x Technique
|v Juvenile literature.
|
| 650 |
|
1 |
|a Art.
|
| 650 |
|
1 |
|a Art
|x Technique.
|
| 999 |
|
|
|a MARS
|
| 999 |
f |
f |
|s eb5d0fb8-4823-33fd-b32a-d1252f2528c1
|i 041a3a34-84b4-3632-a3e9-5cc459a3127a
|t 0
|
| 952 |
f |
f |
|p ric
|a Texas A&M University
|b Rellis Campus
|c Joint Library Facility
|d Remote Storage
|t 0
|e N7440 .D37 1994
|h Library of Congress classification
|i unmediated -- volume
|m A14822237167
|
| 998 |
f |
f |
|a N7440 .D37 1994
|t 0
|l Remote Storage
|